000 00979nam a2200205Ia 4500
008 0000001998 usaz 0000000000eng00
020 _a938989197
090 _aPRU00 L26
245 1 3 _aLeonid Lamm
_b: birth of an image
_c/ foreword by Michael P. Mezzatesta ; introduction by Eleanor Heartney ; photography Leonid Lamm, Innesa Lamm
300 _a105 p.
_c/ 21 cm.
500 _aExposición realizada en Duke University Museum of Art, Durham, Marzo 6 Mayo 17, 1998 \ Con el patronazgo del maestro venezolano Jesús Rafael Soto (q.e.p.d.)
600 0 0 _a LAMM, LEONID, 1928/
_xTRABAJOS PICTORICOS \ LAMM, LEONID, 1928 ENTREVISTAS
650 1 4 _a PINTURA RUSA
650 1 4 _aARTE CONTEMPORANEO RUSO
650 1 4 _xCATALOGOS
650 1 4 _xEXPOSICIONES
650 1 4 _aPINTORES RUSOS
700 1 _aMezzatesta, Michael P. \ Heartney, Eleanor \ LevkovaLamm, Innesa \ Bouis, Antonina W.
999 _c569
_d569
260 _aEstados Unidos de América : Duke University Museum of Art
_c1998